• 首页
  • 本馆介绍
  • 公告通知
  • 最新文献
  • 馆藏检索
  • 电子资源
  • 读者导购
  • 参考咨询
  • 我的图书馆
  • 登录
  • 详细信息显示
  • 放入我的书架
  • 预约/预借图书
  • 作者相关作品
  • 分类相关作品
  • 丛书相关作品
  • 出版社相关作品

书目信息

  • 表格格式
  • 工作单格式
  • 卡片格式
题名:
物理学中的数学方法
    
 
作者: 拜仑 , Byron , 富勒 , Fuller 著 ;熊家炯 , 曹小平 译
分册: 1  
出版信息: 北京   科学出版社  1982
页数: 352页
开本: 21cm
丛书名:
单 册:
中图分类: O411 , G633.7
科图分类:
主题词: 物理学-数学方法 , 数学方法-物理学 , 教育--各级
电子资源:
ISBN:
000 01046nam0 2200337 450
001 1554992458
005 20150122162041.37
010    @dCNY2.10
091    @a13031.1853
100    @a19950428d1982 em y0chiy0110 ea
101 1  @achi@ceng
102    @aCN@b110000
105    @ay z 000yy
200 1  @a物理学中的数学方法@9wu li xue zhong de shu xue fang fa@h1@f(美)拜仑(F.W. Byron),(美)富勒(R.W. Fuller)著@g熊家炯,曹小平译
210    @a北京@c科学出版社@d1982
215    @a352页@d21cm
300    @a书名原文:Mathematics of classical and quantum physics
510 1  @aMathematics of classical and quantum physics@zeng
606 0  @a物理学-数学方法
606 0  @a数学方法-物理学
606 0  @a教育@x各级
690    @aO411@v5
690    @aG633.7@v4
701  1 @a拜仑@9bai lun@bF.W.@4著
701  1 @aByron@bF.W.@4著
701  1 @a富勒@9fu le@bR.W.@4著
701  1 @aFuller@bR.W.@4著
702  0 @a熊家炯@9xiong jia jiong@4译
702  0 @a曹小平@9cao xiao ping@4译
801  0 @aCN@bTSSF@c20150122
905    @aZUCC@dG633.7@eJY7:1
    
    物理学中的数学方法.1/(美)拜仑(F.W. Byron),(美)富勒(R.W. Fuller)著/熊家炯,曹小平译.-北京:科学出版社,1982
    352页;21cm
    书名原文:Mathematics of classical and quantum physics
    
    ISBN :CNY2.10
    
●
相关链接 在E读中查询图书 在五车中查询图书 在当当中查询图书 在豆瓣中查询图书


正题名:物理学中的数学方法     索取号:G633.7/JY7:1         预约/预借

序号 登录号 条形码 馆藏地/架位号 状态 备注
1 7849127   278491277   学院路分馆/ [索取号:G633.7/JY7:1] 在馆    
唐山师范学院图书馆 欢迎您!
大连网信软件有限公司© 版权所有